000 00870nam a2200241Ia 4500
003 OSt
005 20220923222336.0
006 a|||||r|||| 00| 0
007 ta
008 220922b |||||||| |||| 00| 0 hin d
024 _a204,539
037 _cTextual
040 _aARTS
_cARTS
_bhin
041 _2hin
_ahin
082 _aO157,1M61w, 152N8
100 _aकृपलानी, कृष्ण; अग्रवाल, भारतभूषण, अनु.
_9166780
245 0 _aरवीन्द्रनाथ
_b एक जीवनी
246 _aRavīndranātha: ek jīvanī
260 _c1968
650 _aबंगाली साहित्य
_9156264
942 _hO157,1M61w, 152N8
_cTEXL
_2CC
999 _c355287
_d355287